Songs By Picture Quiz #6 - Statistics

General Stats
  • This quiz has been taken 3,707 times
  • The average score is 6 of 15
Answer Stats
Picture Hint Answer % Correct
Ray Parker Jr Ghostbusters
94%
Queen Radio Gaga
59%
Johnny Cash Ring Of Fire
53%
Otis Redding (Sittin' On) The Dock Of The Bay
48%
Village People In The Navy
43%
The Bee Gees Massachusetts
43%
The Beatles Revolution
43%
David Bowie Andy Warhol
39%
The Police Walking On The Moon
34%
The Rolling Stones Angie
24%
Led Zeppelin When The Levee Breaks
21%
Jethro Tull Aqualung
20%
The Clash London's Burning
16%
Paul Simon Kodachrome
14%
The Four Seasons Sherry
13%
No matching quizzes found
Score Distribution
Percent of People with Each Score
Percentile by Number Answered
Your Score History
You have not taken this quiz